|
|
|
|
| LEADER |
00000nam a22000007a 4500 |
| 005 |
20220621213455.0 |
| 007 |
cr|||| |||| |
| 008 |
220621s2022 cl |||||s|||| 00||0 spa d |
| 035 |
|
|
|a 36583
|
| 040 |
|
|
|a vLex
|
| 090 |
|
|
|c 13447
|d 13447
|
| 100 |
1 |
|
|a Cornejo Manrq̕uez, Anb̕al
|
| 245 |
1 |
0 |
|a Nueva prc̀tica forense (alfabetizada)
|h [Recurso electrn̤ico] :
|b Familia /
|c Anb̕al Cornejo Manrq̕uez
|n Tomo II
|
| 256 |
|
|
|a Servicio en ln̕ea
|
| 300 |
|
|
|a 1 recurso electrn̤ico
|
| 506 |
1 |
|
|a Disponible solo en los productos indicados
|d vLex Global
|d vLex Global (Academic Edition, excluding Law Schools)
|d vLex Global (U.S. Academic Edition, Law Schools)
|d vLex Global (U.S. Academic Edition, excluding Law Schools)
|d vLex Global (Academic Edition, Law Schools)
|
| 650 |
0 |
4 |
|a Derecho Civil
|z Chile
|
| 740 |
0 |
|
|a vLex Libros (Servicio en ln̕ea)
|
| 856 |
4 |
0 |
|u https://app.vlex.com/#/sources/36583
|z Acceso restringido
|
| 942 |
|
|
|c BOOK
|
| 999 |
0 |
|
|a Civil Law
|